02121cam a2200325 i 450000100090000000300040000900500170001300800410003001000170007102000300008802000310011802000270014903500130017604000280018904200080021705000210022508200340024610000370028024500870031726400680040430000450047233600260051733600330054333700280057633800270060449000150063150400510064652010720069765000260176923763892OSt20260414141707.0240705s2025 enkae b 001 0 eng  a 2024030971 a9781032517964q(hardback) a9781032517940q(paperback) z9781003403975q(ebook) a23763892 aDLCbengerdacDLCdDLC apcc00aNA500b.L58 202500a724 L58 2025223/eng/202409231 aLivesey, Graham,d1960-eauthor.10aModern architecture :bthe basics /cGraham Livesey ; drawings by Mohammad Moezzi. 1aLondon ;aNew York :bRoutledge, Taylor & Francis Group,c2025. avi, 275 pages :billustrations ;c21 cm. atextbtxt2rdacontent astill imagebsti2rdacontent aunmediatedbn2rdamedia avolumebnc2rdacarrier0 aThe basics aIncludes bibliographical references and index. a"Modern Architecture: The Basics examines technological, stylistic, socio-political, and cultural changes that have transformed the history of architecture since the late eighteenth century. Broad definitions of modernity and postmodernity introduce the book, which comprises twenty-four short thematic chapters looking at the concepts behind the development of modern and postmodern architecture. These include major historical movements, key figures, and evolving building typologies. There is also an emphasis on the changing city during the nineteenth and twentieth centuries. Approaches to representation and its impacts on architecture are studied, along with the changing global role of architecture as cultural expression. The book introduces new topics, including gender, race, postcolonialism, and indigeneity. An undaunting, contemporary, and inclusive account of modern architectural history, this is a must-read for all students of architecture as well as those outside the discipline approaching the subject for the first time"--cProvided by publisher. 0aArchitecture, Modern.